| 000 | 00593nam a2200193 a 4500 | ||
|---|---|---|---|
| 001 | 0376 | ||
| 005 | 20140414132030.0 | ||
| 008 | 040913s19uu xx 00 eng d | ||
| 020 | _a0-590-48615-2 | ||
| 050 |
_aTR _bM99 1989 |
||
| 100 | _aGomi, Taro | ||
| 245 |
_aMy friends / _cby Taro Gomi. |
||
| 260 |
_aNew York : _bScholastic, _c1989. |
||
| 300 | _a1 v.p. : ill. ; cm. | ||
| 520 | _aA friend can help you learn new things. The girl in this story is lucky. She has many friends to help her learn. | ||
| 650 |
_aFriendship _xFiction. |
||
| 650 |
_aAnimals _xFiction. |
||
| 999 |
_c113611 _d113611 |
||